000
00239nam a2200097Ia 4500
008
230508s1985 xx 000 0 und d
041
_a
eng
100
_a
D C GREEN.
245
_a
ELECTRONICS 3, 4TH ED.
260
_b
PITMAN PUBLI, LANDAN
_c
1985
999
_c
730898
_d
730898